<?xml version="1.0" encoding="UTF-8"?>
<collection xmlns="http://www.loc.gov/MARC21/slim">
    <record>
        <controlfield tag="001">66783</controlfield>
        <controlfield tag="005">20180223104138.0</controlfield>
        <datafield tag="037" ind1=" " ind2=" ">
            <subfield code="a">GDOC-2016-28201</subfield>
        </datafield>
        <datafield tag="041" ind1=" " ind2=" ">
            <subfield code="a">spa</subfield>
        </datafield>
        <datafield tag="100" ind1=" " ind2=" ">
            <subfield code="0">(orcid)0000-0002-1168-1732</subfield>
            <subfield code="1">127745</subfield>
            <subfield code="a">Frías Corredor, María Carmen</subfield>
        </datafield>
        <datafield tag="245" ind1="0" ind2="0">
            <subfield code="9">28201</subfield>
            <subfield code="a">Historia Universal</subfield>
        </datafield>
        <datafield tag="260" ind1=" " ind2=" ">
            <subfield code="a">Zaragoza</subfield>
            <subfield code="b">Universidad de Zaragoza</subfield>
            <subfield code="c">2016-2017</subfield>
        </datafield>
        <datafield tag="520" ind1=" " ind2=" ">
            <subfield code="a">Breve presentación de la asignatura
Esta asignatura contribuye a la formación elemental que como historiador precisa todo estudiante de Historia del Arte, y proporciona una comprensión sistemática y crítica de la evolución histórica de la Humanidad, permitiendo situar e interpretar correctamente la obra artística en su contexto histórico-cultural. En esta línea se proporcionará al estudiante un conocimiento básico de la evolución histórica de la humanidad en sus distintas etapas y en el marco de distintos ámbitos geográfico-culturales, contemplando distintos aspectos políticos, sociales, económicos, científicos, tecnológicos, ideológicos y religiosos, que le permitan comprender la obra de arte en el contexto histórico que fue generada.</subfield>
            <subfield code="b"> </subfield>
        </datafield>
        <datafield tag="521" ind1=" " ind2=" ">
            <subfield code="9">123</subfield>
            <subfield code="a">Historia del Arte</subfield>
        </datafield>
        <datafield tag="540" ind1=" " ind2=" ">
            <subfield code="a">by-nc-sa</subfield>
            <subfield code="b">Creative Commons</subfield>
            <subfield code="c">3.0</subfield>
            <subfield code="u">http://creativecommons.org/licenses/by-nc-sa/3.0/</subfield>
        </datafield>
        <datafield tag="700" ind1=" " ind2=" ">
            <subfield code="0">(orcid)0000-0002-3463-0217</subfield>
            <subfield code="1">386965</subfield>
            <subfield code="a">Fatás Cabeza, Guillermo</subfield>
        </datafield>
        <datafield tag="700" ind1=" " ind2=" ">
            <subfield code="0">(orcid)0000-0001-8361-0610</subfield>
            <subfield code="1">433955</subfield>
            <subfield code="a">Morte Acin, Ana</subfield>
        </datafield>
        <datafield tag="700" ind1=" " ind2=" ">
            <subfield code="0">(orcid)0000-0001-5334-7495</subfield>
            <subfield code="1">577378</subfield>
            <subfield code="a">Aquillue Domínguez, Daniel</subfield>
        </datafield>
        <datafield tag="700" ind1=" " ind2=" ">
            <subfield code="1">592847</subfield>
            <subfield code="a">Tord Basterra, Gabriela De</subfield>
        </datafield>
        <datafield tag="830" ind1=" " ind2=" ">
            <subfield code="9">420</subfield>
        </datafield>
        <datafield tag="856" ind1="4" ind2=" ">
            <subfield code="s">23091</subfield>
            <subfield code="u">http://zaguan.unizar.es/record/66783/files/guia-28201-es.pdf</subfield>
            <subfield code="y">Guía (idioma español)</subfield>
        </datafield>
        <datafield tag="856" ind1="4" ind2=" ">
            <subfield code="s">8168</subfield>
            <subfield code="u">http://zaguan.unizar.es/record/66783/files/guia-28201-en.pdf</subfield>
            <subfield code="y">Guide (english)</subfield>
        </datafield>
        <datafield tag="970" ind1=" " ind2=" ">
            <subfield code="a">GDOC-2016-28201</subfield>
        </datafield>
        <datafield tag="980" ind1=" " ind2=" ">
            <subfield code="a">GDOC</subfield>
            <subfield code="b">Artes y humanidades</subfield>
            <subfield code="c">103</subfield>
        </datafield>
    </record>

    
</collection>